Loading...
The Qur'anic Foundations and Structure of Muslim Society. V2/
| Main Author: | |
|---|---|
| Format: | Printed Book |
| Published: |
Kuala Lumpur:
Islamic Book Trust,
2001.
|
| LEADER | 00434nam a22001217a 4500 | ||
|---|---|---|---|
| 020 | |a 983-9154-24-9 | ||
| 100 | |a Ansari, Muhammad Fazlur-Rahman. | ||
| 245 | |a The Qur'anic Foundations and Structure of Muslim Society. V2/ | ||
| 260 | |a Kuala Lumpur: |b Islamic Book Trust, |c 2001. | ||
| 300 | |a 456p. | ||
| 942 | |2 ddc |c BK | ||
| 999 | |c 340885 |d 340885 | ||
| 952 | |0 0 |1 0 |2 ddc |4 0 |7 0 |8 WAS |9 391346 |a POL |b POL |c ST1 |d 2012-03-16 |i 825 |l 0 |p POLW825 |r 2015-03-04 |w 2015-03-04 |y BK | ||